000 01603cam a22001934a 4500
005 20250605164337.0
008 250528s ||||||||||||||||||||||||d
035 _a23492
040 _aGR-AtMCL
_bgre
_dGR-AtMCL
_eAACR2
245 1 _aWhich Greek Cultural Elements Attract Mostly Tourists in Greece? A Comparative Research via the Tourists and the Hospitality Professional Perspective/Dissertation Submitted in Partial Fulfilment of the Requirements of the Degree of Master in International Hospitality Management
260 _c2018
300 _a82
520 _aIntroduction, Literature Review, The Profile and Behavior of Contemporary Tourism, The Role of Tourism in Tourist Purchases and Markets, Sustainable Tourism Development, The Concept of Cultural Tourism, Characteristics of Cultural Tourism, The Development of Cultural Tourism, The Evolution of the Cultural Tourism in Greece, The Cultural Tourism and Sustainable Development, Research on Cultural Heritage for Tourism, The Positive Impacts of the Cultural Tourism Development, The Importance of Tourism for Greece, Methodology, Aims of the Dissertation, The Purpose of the Research, Objectives of the Dissertation, Sample of thqe Research, Design of Research, Protection of Participants, SPSS Analysis, Analysis of Travel Agents, Analysis of the Hotel Managers' Responses, Analysis of the Tourists' Responses, Analysis of Variance (Anova), Conclusion and Discussion, References, Appendices.
700 1 _aMarkaki Evangelia
_99060
700 1 _aPapadaki Argyro-Alexandra
_99061
942 _cDS
999 _c8502
_d8502